000 00503nam a2200181Ia 4500
005 20250326125408.0
008 250326s9999 xx 000 0 und d
037 _aTextbook
040 _aFMSL
_beng
_cFMSL
041 _aeng
_2eng
084 _aX9W L9
_qFMSL
100 _aDholakia N
_9272702
245 0 _aPublic distribution systems
_cDholakia N; Khurana R
260 _aNew Delhi
_bNew Delhi, Oxford & IBH
_c1979
300 _a221p
942 _cTB
_hX9W L9
999 _c1277866
_d1277866